| 000 | 00958cam a2200301 i 4500 | ||
|---|---|---|---|
| 999 |
_c150172 _d27115 |
||
| 001 | 150172 | ||
| 003 | TR-AnTOB | ||
| 005 | 20240404140430.0 | ||
| 007 | ta | ||
| 008 | 150409s2003 tu 000 0 tur d | ||
| 040 |
_aTR-AnTOB _beng _erda _cTR-AnTOB |
||
| 041 | 0 | _atur | |
| 050 | 4 |
_aDS54.A3 _bU48 2003 |
|
| 090 |
_aDS54.A3 _bU48 2003 |
||
| 099 | _aTOBB ULUK 2003 | ||
| 245 | 0 | 0 |
_aUluslararası Kıbrıs Konferansı / _cTürkiye Odalar Borsalar Birliği. |
| 264 | 1 |
_aAnkara : _bTOBB, _c2003. |
|
| 300 |
_a182 pages : _c27 cm |
||
| 336 |
_atext _btxt _2rdacontent |
||
| 337 |
_aunmediated _bn _2rdamedia |
||
| 338 |
_avolume _bnc _2rdacarrier |
||
| 610 |
_aAvrupa Birliği _zKıbrıs _vKongreler _934472 |
||
| 651 | 7 |
_aKıbrıs _xSiyaset ve yönetim _vKongreler _98241 _2etuturkob |
|
| 710 | 2 |
_aTürkiye Ticaret, Sanayi, Deniz Ticaret Odaları ve Ticaret Borsaları Birliği _9117931 |
|
| 901 | _aTA00039, TA02766 | ||
| 942 |
_2lcc _cBK |
||